Statistics for Title in the Lyrics - 90s rock #1

Click here to take the quiz!

General Stats

  • This quiz has been taken 87 times
  • The average score is 7 of 25

Answer Stats

Answer% Correct
Don't want to close my eyes / I don't want to fall asleep / 'Cause I'd miss you baby / And {I} {don't} {want} {to} {miss} {a} {thing}
68%
{Don't} {speak}, I know just what you're sayin' / So please stop explainin' / Don't tell me 'cause it hurts
64%
Ooh-wee-ooh, I look just like {Buddy} {Holly} / Oh oh, and you're Mary Tyler Moore / I don't care what they say about us anyway / I don't care 'bout that
57%
And I'm here, to remind you / Of the mess you left when you went away / It's not fair, to deny me / Of the cross I bear that you gave to me / You, you, {you} {oughta} {know}
51%
Nothin' lasts forever / And we both know hearts can change / And it's hard to hold a candle / In the cold {November} {rain}
51%
What the hell is wrong with me? / My friends say I should act my age / {What's} {my} {age} {again}?
43%
{Even} {flow}, thoughts arrive like butterflies / Oh, he don't know, so he chases them away / Oh, someday yet, he'll begin his life again
38%
{Runaway} {train} never going back / Wrong way on a one way track / Seems like I should be getting somewhere / Somehow I'm neither here nor there
38%
I'm the one who wants {to} {be} {with} {you} / Deep inside I hope you feel it too / Waited on a line of greens and blues / Just to be the next {to} {be} {with} {you}
36%
{Scar} {tissue} that I wish you saw / Sarcastic mister know it all / Close your eyes and I'll kiss you 'cause / With the birds I'll share
30%
No time to search the world around / 'Cause you know where I'll be found / {When} {I} {come} {around}
27%
They rally 'round the family / With a pocket full of shells / {Bulls} {on} {parade} / Come wit' it now!
27%
I'm the {man} {in} {the} {box} / Buried in my shit / Won't you come and save me?
26%
Shakedown {1979} / Cool kids never have the time / On a live wire right up off the street / You and I should meet
23%
Think you're kinda neat / Then she tells me I'm a {creep} / Friends don't mean a thing / Guess I'll leave it up to me
23%
{Mr}. {Jones} and me / Tell each other fairy tales / And we stare at the beautiful women / She's looking at you / Ah, no, no, she's looking at me
21%
{Lightning} {crashes}, a new mother cries / This moment she's been waiting for / The angel opens her eyes / Pale blue colored iris, presents the circle / And puts the glory out to hide, hide
18%
Ooh, what I need is a good defense / 'Cause I'm feeling like a {criminal} / And I need to be redeemed / To the one I've sinned against / Because he's all I ever knew of love
18%
Just like the pied piper / Led rats through the streets / We dance like Marionettes / Swaying to the {symphony} {of} {destruction}
17%
Maybe I will never be / All the things that I wanna be / Now is not the time to cry / Now's the time to find out why / I think you're the same as me / We see things they'll never see / You and I are gonna {live} {forever}
16%
She said fine / And then in thirty seconds time she said / I wanna live like {common} {people} / I wanna do whatever {common} {people} do
14%
Now you're here, now you're away / I don't want this, remember that / I'll never forget, where you're at / Don't let the days go by / {Glycerine} (2x)
13%
Shaved heads, rave heads, on the pill / Got too much time to kill / Get into bands and gangs, oh / Here they come / The {beautiful} {ones}
3%
We've got the {American} {Jesus} / See him on the interstate / We've got the {American} {Jesus} / He helped build the president's estate
3%
You got to watch them / {Be} {quick} {or} {be} {dead} / Snake eyes in heaven / The thief's in your head
3%

Score Distribution

Percentile by Number Answered

Percent of People with Each Score

Your Score History

You have not taken this quiz